| 000 | 00529nam a22001697a 4500 | ||
|---|---|---|---|
| 999 |
_c9225 _d9225 |
||
| 008 | 210330b ||||| |||| 00| 0 eng d | ||
| 040 | _aBMS College of Architecture | ||
| 100 | _aS, V, Sandhiya | ||
| 245 | _aInstitute of hotel management at K. R. Puram Bangalore Rural | ||
| 300 | _a40p. | ||
| 500 | _a1BM02AT025 | ||
| 502 |
_8B.Arch _NBMS College of Architecture, Visvesvaraya Technological University _aProject report _d2006 |
||
| 650 | _aHotel | ||
| 650 | _aK R Purm | ||
| 700 |
_aRanan Sridhar _eGuide |
||
| 942 |
_2ddc _cTHE |
||